Medición del intento educativo /
Guardado en:
| Autor Principal: | |
|---|---|
| Formato: | Libro |
| Publicado: |
Buenos Aires :
Guadalupe,
1975
|
| Series: | Biblioteca Pedagógica
|
| Materias: | |
| Etiquetas: |
Agregar Etiqueta
Sin Etiquetas, Sea el primero en etiquetar este registro!
|
| LEADER | 00816nam a22002175a 4500 | ||
|---|---|---|---|
| 001 | CEM.cems004069 | ||
| 005 | 20060216000000.0 | ||
| 008 | 130507s1975##################000#0#####d | ||
| 003 | CEMS | ||
| 082 | 0 | 4 | |a 371.26 |
| 100 | 1 | |a Mager, Robert Frank | |
| 245 | 1 | 0 | |a Medición del intento educativo / |
| 260 | |a Buenos Aires : |b Guadalupe, |c 1975 | ||
| 300 | |a 181 p. | ||
| 490 | 0 | |a Biblioteca Pedagógica | |
| 505 | 0 | |a Definiciónes.-Como decodificar el objetivo.-Adecuaci¢n de las ejecuciónes.-Adecuaci¢n de las condiciónes.-Temas colaterales.-Selección de items.-Logr¢ lsa adecuaci¢n? | |
| 653 | |a Educacion | ||
| 653 | |a Evaluacion escolar | ||
| 653 | |a Evaluacion por objetivos | ||
| 859 | |a CEMS |b BIB. CEMS - 11 de abril |h 371.26 |i M272 |p 11720.83 |t Ej.2 | ||
| 859 | |a CEMS |b BIB. CEMS - 11 de abril |h 371.26 |i M272 |p 8103.80 |t Ej.1 | ||
